00579nam a2200169Ia 450000500170000000800410001704000190005804100120007708200190008924501210010826000440022930000150027350400400028865000460032870000250037485000100039920230427101914.0131103s9999 xx 000 0 und d aLoreto College aEnglish a823.8bBRO-VOG aTwentieth century interpretations of Wuthering heightsb a collection of critical essays cedited by Thomas A.Vogler aEnglewood CliffsbPrentice - Hallc1968 avi,122 p.  aIncludes bibliographical references aBronte,Emily-Criticism and interpretation aVogler,Thomas A.,ed. aLCLIB